| 000 -ლიდერი |
| ფიქსირებული სიგრძის საკონტროლო ველი |
00811nam a22001937a 4500 |
| 003 - საკონტროლო ნომრის იდენტიფიკატორი |
| საკონტროლო ველი |
Ge_BSU |
| 005 - ბოლო ოპერაციის თარიღი და დრო |
| საკონტროლო ველი |
20250701163722.0 |
| 008 - ფიქსირებული სიგრძის მონაცემთა ელემენტები - ზოგადი ინფორმაცია |
| ფიქსირებული სიგრძის საკონტროლო ველი |
250701s1981 ge ||||| |||| 00| 0 geo d |
| 041 ## - ენის კოდი |
| Language code of text/sound track or separate title |
geo |
| 080 ## - უნივერსალური ათობითი კლასიფიკაციის ინდექსი |
| Universal Decimal Classification number |
331.4 ნ-28 |
| 100 ## - მთავარი ჩანაწერი - პიროვნების სახელი |
| Personal name |
ნარგიზაშვილი, მ. |
| 9 (RLIN) |
25590 |
| 245 ## - ცნობა სათაურის შესახებ |
| Title |
შრომის პირობები და წარმოების ეფექტიანობა / |
| Statement of responsibility, etc |
მ.ნარგიზაშვილი, |
| 264 ## - წარმოების, გამოცემის, დისტრიბუციის და სხვა ცნობები |
| გამოცემის, წარმოების, დისტრიბუციის... ადგილი |
თბილისი: |
| გამოცემის, წარმოების, დისტრიბუციის... სახელწოდება |
საბჭ. საქართველო, |
| გამოცემის, წარმოების, დისტრიბუციის... თარიღი |
1981. |
| 300 ## - ფიზიკური აღწერა |
| Extent |
100 გვ. ; |
| Other physical details |
16 სმ. |
| 501 ## - შენიშვნა თანმხლებ მასალაზე |
| With note |
ლიტ. სია: გვ.98-101. |
| 653 ## - INDEX TERM--UNCONTROLLED |
| Uncontrolled term |
შრომის პირობები |
| 653 ## - INDEX TERM--UNCONTROLLED |
| Uncontrolled term |
წარმოების ეფექტიანობა. |
| 942 ## - ADDED ENTRY ELEMENTS (KOHA) |
| Source of classification or shelving scheme |
|
| Koha item type |
წიგნი |